Englannin kreivikunnat - Statistics

Yleistilastot
  • Tätä visaa on pelattu 374 kertaa
  • Keskiarvotulos 18 / 48
Vastaukset kartalla
Vastauksille on annettu kartalla punavihreä väri sen mukaan, kuinka moni on saanut sen oikein.
 
Vastaustilastot
Kreivikunta % Oikein
Lontoon City
64%
Kent
63%
Suur-Manchester
63%
Essex
58%
Oxfordshire
55%
Cambridgeshire
52%
Nottinghamshire
51%
Cornwall
50%
Bristol
46%
Devon
46%
Norfolk
43%
Lancashire
42%
Suffolk
41%
Surrey
41%
North Yorkshire
40%
Buckinghamshire
38%
East Sussex
38%
Hampshire
38%
Leicestershire
38%
South Yorkshire
38%
East Riding of Yorkshire
37%
West Sussex
37%
Gloucestershire
36%
Lincolnshire
35%
West Yorkshire
35%
Tyne ja Wear
34%
Cumbria
33%
Derbyshire
33%
Somerset
32%
Suur-Lontoo
32%
Dorset
31%
Merseyside
31%
Wightsaari
31%
Worcestershire
30%
Northumberland
29%
Bedfordshire
28%
Staffordshire
28%
Hertfordshire
27%
Warwickshire
27%
Cheshire
26%
Durham
26%
Herefordshire
26%
Northamptonshire
25%
Rutland
24%
Länsi-Midlands
23%
Wiltshire
23%
Berkshire
21%
Shropshire
19%
Ehtoja vastaavia visoja ei löytynyt
Tulosjakauma
Jokaisen tuloksen saaneiden osuus
Persentiili vastausten määrän mukaan
Tuloshistoriasi
Et ole pelannut tätä visaa